MLB predictions 2022 - Statistics

General Stats
  • This quiz has been taken 45 times
    44 since last reset
  • The average score is 13 of 28
Answer Stats
Hint Answer % Correct
NL 1st place Dodgers
100%
NL 2nd place Mets
93%
NL 4th place Braves
71%
NL 3rd place Brewers
64%
AL 5th place Astros
57%
AL 1st place Blue Jays
57%
NL 6th place Cardinals
57%
NL 5th place Giants
57%
AL 2nd place White Sox
54%
AL 4th place Yankees
54%
AL 3rd place Angels
46%
NL WC 4 vs 5 Winner? Braves
46%
NL WC 3 vs 6 Winner? Cardinals
46%
NLDS 2 Winner? Mets
46%
AL WC 4 vs 5Winner? Yankees
46%
AL WC 3 vs 6Winner? Angels
43%
NLDS 1 Winner? Dodgers
43%
NLCS Winner? Mets
39%
World Series Winner? Mets
39%
AL 6th place Rays
39%
ALCS Winner? Yankees
39%
ALDS 2 Winner? Angels
36%
ALDS 1 Winner? Yankees
36%
World Series MVP? Jacob Degrom
32%
NL MVP? Juan Soto
21%
AL MVP? Shohei Ohtani
21%
AL cy young? Kevin Gausman
7%
NL cy young? Logan Webb
7%
No matching quizzes found
Score Distribution
Percent of People with Each Score
Percentile by Number Answered
Your Score History
You have not taken this quiz since the last reset